000 00735nam a2200217 4500
001 110167
003 ES-MaACL
005 20230906185004.0
007 t|
008 061121s1956 sp r ||||1| spa d
100 1 _aOrczy, Emmuska Orczy,
_cBaroness (
_d1865-1947)
_9172956
245 1 3 _aEl águila de bronce /
_cBaronesa d'Orczy ; [versión española de Elizabeth Metzenroth].
250 _a[1ª ed.].
260 _aBarcelona :
_bLuis de Caralt,
_c1956.
300 _a203 p. ;
_c18 cm.
490 1 _aBiblioteca internacional. Los libros de hoy
700 1 _aMetzenroth, Elizabeth.
_980748
830 0 _aBiblioteca internacional. Los libros de hoy
_9185611
852 _aES-MaACL
_jC-11092
_bR.39064
999 _c110167
_d110167